000 00606nam a2200181 4500
005 20250320151021.0
010 _aENG-144143
020 _a9789389658088
_c250.00
035 _aEN-127675
037 _bDBAD
082 _a305.4
245 _aWomen Empowerment through Smart City Mission/
_cEdited by C. Gobalakrishnan
260 _aTamil Nadu
_bShanlax Publications
_c2019
270 _a61,66 T.P.K. Main Road Vasantha Nagar.
_bTamil Nadu
_e625003
_mshanlaxpublications.com
300 _a128p.
_c24cm(pb)
700 _aGobalakrishnan, C.
_eEditor
_979784
942 _2ddc
_cEN
_h305.4
_mWOM
999 _c210398
_d210398